Tall buildings / (Record no. 31485)

MARC details
000 -LEADER
fixed length control field 01022cam a2200277 i 4500
001 - CONTROL NUMBER
control field vtls002992860
003 - CONTROL NUMBER IDENTIFIER
control field MY-SjTCS
005 - DATE AND TIME OF LATEST TRANSACTION
control field 20200306154657.0
008 - FIXED-LENGTH DATA ELEMENTS--GENERAL INFORMATION
fixed length control field 110218s2003 nyua 000 0 eng
020 ## - INTERNATIONAL STANDARD BOOK NUMBER
International Standard Book Number 0870700952
039 #9 - LEVEL OF BIBLIOGRAPHIC CONTROL AND CODING DETAIL [OBSOLETE]
Level of rules in bibliographic description 201809071437
Level of effort used to assign nonsubject heading access points VLOAD
Level of effort used to assign subject headings 201602051700
Level of effort used to assign classification pushpa
Level of effort used to assign subject headings 201102181520
Level of effort used to assign classification VLOAD
Level of effort used to assign subject headings 200811241801
Level of effort used to assign classification VLOAD
-- 200407272004
-- VLOAD
040 ## - CATALOGING SOURCE
Description conventions rda
082 04 - DEWEY DECIMAL CLASSIFICATION NUMBER
Classification number 720.483
Item number NOR
100 1# - MAIN ENTRY--PERSONAL NAME
Personal name Nordenson, Guy.
9 (RLIN) 215317
245 10 - TITLE STATEMENT
Title Tall buildings /
Statement of responsibility, etc. preface by Terence Riley ; essay by Guy Nordenson
264 #1 - PRODUCTION, PUBLICATION, DISTRIBUTION, MANUFACTURE, AND COPYRIGHT NOTICE
Place of production, publication, distribution, manufacture New York :
Name of producer, publisher, distributor, manufacturer Museum of Modern Art ;
Place of production, publication, distribution, manufacture London :
Name of producer, publisher, distributor, manufacturer Thames & Hudson,
Date of production, publication, distribution, manufacture, or copyright notice 2003.
300 ## - PHYSICAL DESCRIPTION
Extent 191 pages :
Other physical details illustrations (chiefly colour) ;
Dimensions 31 cm
336 ## - CONTENT TYPE
Content type term text
Source rdacontent
337 ## - MEDIA TYPE
Media type term unmediated
Source rdamedia
338 ## - CARRIER TYPE
Carrier type term volume
Source rdacarrier
500 ## - GENERAL NOTE
General note Accompanies an exhibition at MoMA QNS, 13 November 2003 - 2 February 2004.
650 #0 - SUBJECT ADDED ENTRY--TOPICAL TERM
Topical term or geographic name entry element Tall buildings
Form subdivision Pictorial works.
9 (RLIN) 215318
650 #0 - SUBJECT ADDED ENTRY--TOPICAL TERM
Topical term or geographic name entry element Tall buildings.
9 (RLIN) 14340
700 1# - ADDED ENTRY--PERSONAL NAME
Personal name Riley, Terence.
9 (RLIN) 215319
920 ## - Programme
Programme SABD : 523710
Holdings
Withdrawn status Lost status Source of classification or shelving scheme Damaged status Not for loan Home library Current library Date acquired Total Checkouts Barcode Date last seen Date last checked out Copy number Uniform Resource Identifier Koha item type Public note
    Dewey Decimal Classification     Taylor's Library-TU Taylor's Library-TU 27/07/2004 70 5000038750 05/12/2019 25/03/2018 1 Floor 4, Shelf 30 , Side 1, TierNo 4, BayNo 7 Main Collection SABDx,23003,03,GR